Т. 11; Разработка нефтяных и газовых месторождений

Dades bibliogràfiques
Parent link:Разработка нефтяных и газовых месторождений/ Академия наук СССР (АН СССР), Всесоюзный институт научной и технической информации (ВИНИТИ). Т. 11.— , 1963-1991.— 0202-7429
Altres autors: Гусман М. Т. (редактор), Палий П. А., Лутошкин Г. С.
Idioma:rus
Publicat: 1979
Matèries:
Format: MixedMaterials Llibre
KOHA link:https://koha.lib.tpu.ru/cgi-bin/koha/opac-detail.pl?biblionumber=228389

MARC

LEADER 00000nam2a2200000 4500
001 228389
005 20231101230855.0
035 |a (RuTPU)RU\TPU\book\248859 
090 |a 228389 
100 |a 20121219d1979 k y0rusy50 ca 
101 0 |a rus 
102 |a RU 
105 |a a z 001zy 
200 0 |a Т. 11  |f под ред. М. Т. Гусмана [и др.] 
210 |d 1979 
215 |a 163 с.  |c ил. 
320 |a Библиография в конце обзоров 
461 1 |0 (RuTPU)RU\TPU\book\122320  |x 0202-7429  |t Разработка нефтяных и газовых месторождений  |f Академия наук СССР (АН СССР), Всесоюзный институт научной и технической информации (ВИНИТИ)  |v Т. 11  |d 1963-1991  |s Разработка нефтяных и газовых месторождений 
606 1 |a Нефтяные месторождения  |x Системы разработки  |2 stltpush  |3 (RuTPU)RU\TPU\subj\45964  |9 65153 
606 1 |a Газовые месторождения  |x Системы разработки  |x Проектирование  |2 stltpush  |3 (RuTPU)RU\TPU\subj\4652  |9 32898 
610 1 |a турбинное бурение 
610 1 |a скважины 
610 1 |a турбобуры 
610 1 |a горные породы 
610 1 |a физико-механические характеристики 
610 1 |a газ 
610 1 |a промысловая обработка 
675 |a 621.276  |v 3 
675 |a 621.279  |v 3 
702 1 |a Гусман  |b М. Т.  |4 340 
702 1 |a Палий  |b П. А.  |4 340 
702 1 |a Лутошкин  |b Г. С.  |4 340 
801 1 |a RU  |b 63413507  |c 20121219 
801 2 |a RU  |b 63413507  |c 20210421  |g RCR 
942 |c BK